000 01695nam a2200421 i 4500
001 bg
003 KOSZ 005
005 20230223113357.0
008 071108s1968 pl a f a000 0 pol
015 _aPB 1968/10910
040 _aWA N
_cKOSZ 005/RW
_dKOSZ 005/RW
041 1 _apol
_hger
_heng
080 _a621.98
080 _a691
245 0 0 _aObliczanie cienkościennych elementów budowlanych kształtowanych na zimno z blach stalowych :
_bprzepisy, przykłady, tablice, nomogramy i komentarz /
_ctł. Władysław Karśnicki, Stanisław Przyłęcki ; [red. nauk. Elżbieta Gomulińska].
246 1 _iTyt. oryg. ang:
_aHandbuch für die Berechtung von Bauteilen aus kaltgeformtem dünnwandigem Stahlblech.
246 1 _iTyt. tł. niem.:
_aLight gage cold formed steel design manual.
260 _aWarszawa :
_b"Arkady",
_c1968.
300 _a268 s. :
_bil. ;
_c24 cm.
336 _2rdacontent
_aTekst
_btxt
337 _2rdamedia
_aBez urządzenia pośredniczącego
_bn
338 _2rdacarrier
_aWolumin
_bnc
380 _aKsiążki.
504 _aBibliogr. s. [266]-268.oraz s. [171].
546 _aOryg. ang., tł. z niem.
650 4 _aBlacha
650 4 _aBudownictwo
650 4 _aStal
650 4 _aTworzywa konstrukcyjne
658 _aArchitektura i budownictwo
658 _aInżynieria i technika
700 1 _aKarśnicki, Władysław.
_eTł.
700 1 _aPrzyłęcki, Stanisław.
_eTł.
700 1 _aGomulińska, Elżbieta
_eRedakcja
710 2 _aWydawnictwo "Arkady".
_4pbl.
856 _uhttp://koha.tu.koszalin.pl/cgi-bin/koha/opac-detail.pl?biblionumber=11337
_yKatalog online BPK
942 _2UKD
_cKS
999 _c11337
_d11337